| 000 | 003900000a22001450004500 | ||
|---|---|---|---|
| 060 | _a100 | ||
| 082 | _a582.130 419 29 PRI;1 | ||
| 100 | _aPridham, J B | ||
| 100 | _aSwain, T | ||
| 245 | _aBiosynthetic pathways in higher plants proceedings of the plant phenolics group symposium leeds April 1964 | ||
| 260 | _aLondon, Academic press | ||
| 260 | _c1965 | ||
| 300 | _a212 | ||
| 942 | _cBK | ||
| 999 |
_c350058 _d350058 |
||